| 000 | 00936nam0a22002651 4500 | ||
|---|---|---|---|
| 001 | rc\2991702 | ||
| 005 | 20250806211726.0 | ||
| 035 | _a(NLR Aleph) 007135753 | ||
| 090 |
_a63583 _c63583 |
||
| 100 | _a20110915d1941 u y0rusy50 ca | ||
| 101 | 0 | _arus | |
| 102 | _aRU | ||
| 105 | _ay z ||||| | ||
| 200 | 1 |
_aСписок абонентов Барнаульской городской телефонной сети _fНародный комиссариат Связи СССР |
|
| 210 |
_a[Барнаул] _cИзд-во Барнаульской гор. телефонной сети _d1941 |
||
| 215 | _a143 с. | ||
| 710 | 0 | 2 | _aБарнаульская телефонная сеть |
| 801 | 0 |
_aRU _bNLR _gpsbo |
|
| 801 | 1 |
_aRU _bELAR _2rusmarc |
|
| 801 | 2 |
_aRU _bNLR _c20160608 _2rusmarc |
|
| 852 |
_aNLR _bФГО |
||
| 942 | _cBOOK | ||
| 945 | _aРоссийская национальная библиотека | ||
| 980 | _aNB | ||
| 980 | _aBV | ||